00771nam a22002057a 4500999001900000005001700019010001500036020002700051035001400078037001300092082001000105100001900115245006100134260004000195270010900235300002500344500005000369942002400419952012200443 c166347d16634720190722123755.0 aENG-126026 a9788178442006c1495.00 aEN-109558 bDBAD/PUB a303.4 aHenna Tabassum aSociology of change and development /cby Henna Tabassum aNew DelhibR.K. Pulblicationsc2018 a4806/24, Bharat Ram Road, Darya GanjbNew Delhie110002k011-23285167, 65185557minfo@kkpublications.com aviii,280p.c25cm(Hb) aIncludes bibliographical references and index 2ddccENh303.4mTAB 001040708NFICaAGbAGd2019-07-22eDBAD/PUBg1495.00l0o303.4 TABpEN-109558r2019-07-22 00:00:00t1v1495.00yEN